Sur quelques écrits mathématiques publiés en Espagne aux 16e et 17e siècles / (Record no. 125511)

MARC details
000 -LEADER
campo de control de longitud fija 00683nam a2200193 i 4500
001 - NÚMERO DE CONTROL
campo de control 125511
003 - IDENTIFICADOR DE NÚMERO DE CONTROL
campo de control ES-MaACL
005 - FECHA Y HORA DE LA ÚLTIMA TRANSACCIÓN
campo de control 20231206063234.0
007 - CAMPO FIJO DE DESCRIPCIÓN FÍSICA--INFORMACIÓN GENERAL
campo de control de longitud fija t|
008 - DATOS DE LONGITUD FIJA--INFORMACIÓN GENERAL
campo de control de longitud fija 070614s1890 sw ||||1| fre d
100 1# - ENTRADA PRINCIPAL--NOMBRE DE PERSONA
Nombre de persona Vicuña, Gumersindo,
Fechas asociadas al nombre 1840-1890
9 (RLIN) 114406
245 10 - MENCIÓN DEL TÍTULO
Título Sur quelques écrits mathématiques publiés en Espagne aux 16e et 17e siècles /
Mención de responsabilidad, etc. par G. Vicuña à Madrid.
260 ## - PUBLICACIÓN, DISTRIBUCIÓN, ETC.
Lugar de publicación, distribución, etc. Stockholm :
Nombre del editor, distribuidor, etc. Gustav Eneström,
Fecha de publicación, distribución, etc. 1890.
300 ## - DESCRIPCIÓN FÍSICA
Extensión P. 33-36 ;
Dimensiones 22 cm.
500 ## - NOTA GENERAL
Nota general Separata de: "Biblioteca Mathematica", Stockholm, nº 4, 1890.
650 04 - PUNTO DE ACCESO ADICIONAL DE MATERIA--TÉRMINO DE MATERIA
Término de materia o nombre geográfico como elemento de entrada Matemáticas-
Subdivisión geográfica España-
Subdivisión de forma Historia.
9 (RLIN) 14823
852 ## - LOCALIZACIÓN
Ubicación ES-MaACL
Número de control de estantería T-559-F-13
Holdings
Estatus retirado Estado de pérdida Estado de daño No para préstamo Colección Biblioteca de origen Biblioteca actual Ubicación en estantería Fecha de adquisición Fuente de adquisición Total de préstamos Signatura topográfica completa Código de barras Visto por última vez Precio de reemplazo Tipo de ítem Koha
        Colección de folletos Biblioteca del Ateneo de Madrid Biblioteca del Ateneo de Madrid Depósito folletos 17/01/2008     T-559-F-13 1130750 23/02/2023 23/02/2023 Folleto